000 00619nam a2200181Ia 4500
008 090123s9999 xx 000 0 und d
082 _b1194
100 _aघाटे विठ्टलराव
245 _aपांढरे केस हिरवी मने
250 _a2
260 _bभागवत वा.पु.
300 _a136
600 _aघाटे विठ्टलराव
630 _aपांढरे केस हिरवी मने
700 _aघाटे विठ्टलराव
730 _aपांढरे केस हिरवी मने
942 _cBOOK
999 _c39278
_d39278